Fiesta y palabra : tensiones al interior del campo cultural y religioso en la sociedad rural hondureña

Desde muy temprano empezamos a vivir el sentido de las fiestas patronales, tal vez porque en nuestra casa se celebraba la fiesta de “San Antonio del Monte”, cada 17 de enero. La forma como nuestra abuela LEONARDA celebraba a San Antonio, nos enseñó que celebrar fiesta a un Santo era compartir.

Detalles Bibliográficos
Autor principal: González Aguilera, Florentino
Otros Autores: Parker Gumucio, Cristián (profesor guía)
Formato: Tesis
Lenguaje:español
Publicado: Santiago, Chile: Universidad Academia de Humanismo Cristiano, 1997.
Materias:
Acceso en línea:Disponible en línea (PDF). Biblioteca Digital UAHC

MARC

LEADER 00000nmm a22000007a 4500
001 045014
003 UAHC_CL
005 20220817111916.0
008 010822s1997 cl o d 000 spa
040 |a UAHC_CL  |c UAHC_CL  |d UAHC_CL 
100 1 |a González Aguilera, Florentino 
245 1 0 |a Fiesta y palabra :  |b tensiones al interior del campo cultural y religioso en la sociedad rural hondureña  |c Florentino González Aguilera; profesor guía Cristián Parker Gumucio. 
260 |a Santiago, Chile:  |b Universidad Academia de Humanismo Cristiano,  |c 1997. 
300 |a 226 páginas. 
500 |a Tesis para optar al grado de Magíster en Ciencias Sociales.  
502 |a Tesis (Magíster en Ciencias Sociales) -- Universidad Academia de Humanismo Cristiano, 1997.  
516 |a  Tesis electrónica (PDF). Solicitar envío de documento a biblioteca@academia.cl.  
520 |a Desde muy temprano empezamos a vivir el sentido de las fiestas patronales, tal vez porque en nuestra casa se celebraba la fiesta de “San Antonio del Monte”, cada 17 de enero. La forma como nuestra abuela LEONARDA celebraba a San Antonio, nos enseñó que celebrar fiesta a un Santo era compartir. 
651 0 |9 15770  |a Honduras   |x Condiciones sociales  
700 1 |a Parker Gumucio, Cristián  |e profesor guía 
856 |u http://bibliotecadigital.academia.cl/xmlui/handle/123456789/1086  |y Disponible en línea (PDF). Biblioteca Digital UAHC 
900 |a TMCISOC 06 
942 |c TS 
952 |0 0  |1 0  |4 0  |6 TMCISOC_06_000000000000000  |7 0  |8 General  |9 82832  |a BC  |b BC  |c General  |d 2017-08-03  |l 0  |o TMCISOC 06  |p 1310652  |r 2019-01-15 00:00:00  |t 1  |w 2017-08-03  |y BK 
999 |c 45014  |d 45014